Southville International School and Colleges
Your cart is empty.
  • Cart
  • Lists
    Public lists Eva Luna New books Lux_list list_1
    Your lists Log in to create your own lists
  • Log in to your account
  • Your cookies
  • Search history
Southville International School and Colleges
  • Advanced search
  • Recent comments
  • Most popular
  • Libraries

Log in to your account

Log in with GOOGLE


If you do not have an external account, but do have a local account, you can still log in:

  1. Home
  2. MARC view: Incremental software architecture :
Normal view MARC view ISBD view

Incremental software architecture : (Record no. 305146)

[ view plain ]
MARC details
000 -LEADER
fixed length control field 02160cam a2200349 i 4500
001 - CONTROL NUMBER
control field 18826637
003 - CONTROL NUMBER IDENTIFIER
control field SISC
005 - DATE AND TIME OF LATEST TRANSACTION
control field 20161004151944.0
008 - FIXED-LENGTH DATA ELEMENTS--GENERAL INFORMATION
fixed length control field 151021s2016 nju 001 0 eng
010 ## - LIBRARY OF CONGRESS CONTROL NUMBER
LC control number 2015040936
020 ## - INTERNATIONAL STANDARD BOOK NUMBER
International Standard Book Number 9781119117643 (hardback)
040 ## - CATALOGING SOURCE
Original cataloging agency DLC
Language of cataloging eng
Transcribing agency DLC
Description conventions rda
Modifying agency DLC
042 ## - AUTHENTICATION CODE
Authentication code pcc
050 00 - LIBRARY OF CONGRESS CALL NUMBER
Classification number QA 76.76.F34
Item number .B44 2016
082 00 - DEWEY DECIMAL CLASSIFICATION NUMBER
Classification number 005
084 ## - OTHER CLASSIFICATION NUMBER
Classification number COM081000
Source of number bisacsh
100 1# - MAIN ENTRY--PERSONAL NAME
Personal name Bell, Michael,
Dates associated with a name 1957 June 22-
Relator term author.
245 10 - TITLE STATEMENT
Title Incremental software architecture :
Remainder of title a method for saving failing IT implementations /
Statement of responsibility, etc Michael Bell.
300 ## - PHYSICAL DESCRIPTION
Extent xi, 260 pages ;
Dimensions 27 cm.
500 ## - GENERAL NOTE
General note Includes index.
520 ## - SUMMARY, ETC.
Summary, etc "This book will depict rare insights into actual failed-to-perform software systems, followed by comprehensive root-cause analyses identifying the reasons for their unsuccessful execution in production. Remedies will be provided that offer strategies to tackle the chief issues. Last, architecture and design best practices will conclude the discussion. The book will assist users to: Mitigate risks of software development projects Increase return on investments (ROI) Provide effective tools to assess technological achievability and viability Introduce software design best practices for enterprise architecture efforts Identify actual software construction value proposition Foster software assets reuse and consolidation Accelerate time-to-market "--
650 #0 - SUBJECT ADDED ENTRY--TOPICAL TERM
Topical term or geographic name as entry element Software failures.
650 #0 - SUBJECT ADDED ENTRY--TOPICAL TERM
Topical term or geographic name as entry element Evolutionary programming (Computer science)
650 #0 - SUBJECT ADDED ENTRY--TOPICAL TERM
Topical term or geographic name as entry element Continuous improvement process.
650 #0 - SUBJECT ADDED ENTRY--TOPICAL TERM
Topical term or geographic name as entry element Software architecture.
650 #7 - SUBJECT ADDED ENTRY--TOPICAL TERM
Topical term or geographic name as entry element COMPUTERS / Desktop Applications / Project Management Software.
Source of heading or term bisacsh
776 08 - ADDITIONAL PHYSICAL FORM ENTRY
Display text Online version:
Main entry heading Bell, Michael, 1957 June 22- author.
Title Incremental software architecture
Place, publisher, and date of publication Hoboken : John Wiley & Sons, Inc., 2016
International Standard Book Number 9781119213680
Record control number (DLC) 2015042369
856 42 - ELECTRONIC LOCATION AND ACCESS
Materials specified Cover image
Uniform Resource Identifier <a href="http://catalogimages.wiley.com/images/db/jimages/9781119117643.jpg">http://catalogimages.wiley.com/images/db/jimages/9781119117643.jpg</a>
906 ## - LOCAL DATA ELEMENT F, LDF (RLIN)
a 7
b cbc
c orignew
d 1
e ecip
f 20
g y-gencatlg
942 ## - ADDED ENTRY ELEMENTS (KOHA)
Source of classification or shelving scheme Library of Congress Classification
Koha item type Books
Holdings
Withdrawn status Lost status Source of classification or shelving scheme Damaged status Home library Current library Shelving location Date acquired Source of acquisition Cost, normal purchase price Sub Shelving location Total Checkouts Full call number Barcode Date last seen Price effective from Koha item type
    Library of Congress Classification   College Library College Library Graduate Section 10/04/2016 Library Fund 3895.00     QA 76.76.F34 .B44 2016 C20734 05/15/2018 10/04/2016 Books

Incremental software architecture :

APA

Bell M., .Incremental software architecture. : .

Chicago

Bell Michael, .Incremental software architecture. : .

Harvard

Bell M., .Incremental software architecture. : .

MLA

Bell Michael, .: . .

  • Place hold
  • Print
  • Cite
  • Add to your cart (remove)
  • Save record
    BIBTEX Dublin Core MARCXML MARC (non-Unicode/MARC-8) MARC (Unicode/UTF-8) MARC (Unicode/UTF-8, Standard) MODS (XML) RIS
  • More searches
    Search for this title in:
    Other Libraries (WorldCat) Other Databases (Google Scholar) Online Stores (Bookfinder.com) Open Library (openlibrary.org)

Exporting to Dublin Core...

SOUTHVILLE LIBRARY

Southville International School and Colleges Library

1281 Tropical Ave. Cor. Luxembourg St., BF Homes International, Las Pinas City

Tel. No. 8256374 / 252358 Loc. 117/146

Powered by Koha